| 000 | 00514nam a2200169 a 4500 | ||
|---|---|---|---|
| 001 | 000041790 | ||
| 005 | 20201002035745.0 | ||
| 008 | 131017s1950 fr 000 0 fre d | ||
| 020 | _a9782268059518 | ||
| 040 |
_aDO-SdBNP _bfre _cBNPHU |
||
| 082 |
_axxxxxx _bxxxxxx |
||
| 100 | 1 |
_aBunroku, Shishi _968652 |
|
| 245 | 1 | 0 |
_aL´école de la linerté / _cShishi Bunroku. |
| 260 |
_aFrancia : _bRocher, _c1950. |
||
| 300 |
_a365 p. ; _c21 cm. |
||
| 504 | _aIncluye referencias bibliográficas y notas al pie de las páginas | ||
| 999 |
_c41279 _d41279 |
||